MARC-detaljer
| 000 -LEADER |
| fixed length control field |
02592cam a22006013a 4500 |
| 001 - CONTROL NUMBER |
| control field |
10232867 |
| 003 - CONTROL NUMBER IDENTIFIER |
| control field |
LIBRIS |
| 005 - DATE AND TIME OF LATEST TRANSACTION |
| control field |
20210318122236.0 |
| 008 - FIXED-LENGTH DATA ELEMENTS--GENERAL INFORMATION |
| fixed length control field |
061006s2006 ne |||||||||||000 f|swe| |
| 020 ## - INTERNATIONAL STANDARD BOOK NUMBER |
| International Standard Book Number |
9036488451 |
| Qualifying information |
inb. |
| 035 ## - SYSTEM CONTROL NUMBER |
| System control number |
(Bo)384545 |
| 035 ## - SYSTEM CONTROL NUMBER |
| System control number |
(Mo)b1613383 |
| 040 ## - CATALOGING SOURCE |
| Original cataloging agency |
NB |
| Description conventions |
a |
| 041 1# - LANGUAGE CODE |
| Language code of text/sound track or separate title |
swe |
| Language code of original |
ita |
| 082 04 - DEWEY DECIMAL CLASSIFICATION NUMBER |
| Classification number |
853 |
| Edition number |
22 (machine generated) |
| 084 ## - OTHER CLASSIFICATION NUMBER |
| Classification number |
Hi.01=c |
| Number source |
kssb/8 |
| 084 ## - OTHER CLASSIFICATION NUMBER |
| Classification number |
Hcei.01 |
| Number source |
kssb/8 |
| 100 1# - MAIN ENTRY--PERSONAL NAME |
| Personal name |
Agnello Hornby, Simonetta |
| Relationship |
aut |
| 240 13 - UNIFORM TITLE |
| Uniform title |
La menulara. |
| Language of a work |
Svenska |
| 245 10 - TITLE STATEMENT |
| Title |
Mandelplockerskan / |
| Statement of responsibility, etc. |
Simonetta Agnello Hornby ; [översättning: Viveca Melander]. |
| 250 ## - EDITION STATEMENT |
| Edition statement |
Storstilsutg. |
| 264 #1 - PRODUCTION, PUBLICATION, DISTRIBUTION, MANUFACTURE, AND COPYRIGHT NOTICE |
| Place of production, publication, distribution, manufacture |
[Abcoude] : |
| Name of producer, publisher, distributor, manufacturer |
[Grote letter bibliotheek], |
| Date of production, publication, distribution, manufacture, or copyright notice |
2006 |
| 300 ## - PHYSICAL DESCRIPTION |
| Extent |
443 s. |
| 490 1# - SERIES STATEMENT |
| Series statement |
Storstilsbiblioteket, |
| International Standard Serial Number |
99-0171405-2 ; |
| Volume/sequential designation |
845 |
| 500 ## - GENERAL NOTE |
| Institution to which field applies |
Bo |
| General note |
Annan upplaga kan finnas vid biblioteket |
| 500 ## - GENERAL NOTE |
| Institution to which field applies |
Mo |
| General note |
Orig:s titel: La Menulara |
| 500 ## - GENERAL NOTE |
| Institution to which field applies |
Mo |
| General note |
Första svenska upplaga 2004. Första upplaga i denna version 2006 |
| 500 ## - GENERAL NOTE |
| Institution to which field applies |
Mo |
| General note |
svenska |
| 653 ## - INDEX TERM--UNCONTROLLED |
| Uncontrolled term |
Skönlitteratur |
| 653 ## - INDEX TERM--UNCONTROLLED |
| Uncontrolled term |
Sicilien |
| 653 ## - INDEX TERM--UNCONTROLLED |
| Uncontrolled term |
Italien |
| 653 ## - INDEX TERM--UNCONTROLLED |
| Uncontrolled term |
Storstil |
| 655 #4 - INDEX TERM--GENRE/FORM |
| Institution to which field applies |
Mo |
| Genre/form data or focus term |
Storstilsbok |
| 700 1# - ADDED ENTRY--PERSONAL NAME |
| Personal name |
Melander, Viveca, |
| Dates associated with a name |
1945- |
| Relationship |
trl |
| Authority record control number or standard number |
https://libris.kb.se/0xbdf6pj55r598r#it |
| 830 #0 - SERIES ADDED ENTRY--UNIFORM TITLE |
| Uniform title |
Storstilsbiblioteket, |
| International Standard Serial Number |
99-0171405-2 ; |
| Volume/sequential designation |
845 |
| 887 ## - NON-MARC INFORMATION FIELD |
| Content of non-MARC field |
{"@id":"7qjjtjdk5ktffjl","modified":"2014-10-14T08:03:24+02:00","checksum":"89833259029"} |
| Source of data |
librisxl |
| 887 ## - NON-MARC INFORMATION FIELD |
| Content of non-MARC field |
{"@id":"rw3q5g7x5hk7r8v","modified":"2014-04-01T11:25:36+02:00","checksum":"49825805531"} |
| Source of data |
librisxl |
| 887 ## - NON-MARC INFORMATION FIELD |
| Content of non-MARC field |
{"@id":"sx437kjz0rqbrgz","modified":"2008-08-25T09:14:25+02:00","checksum":"55739789760"} |
| Source of data |
librisxl |
| 887 ## - NON-MARC INFORMATION FIELD |
| Content of non-MARC field |
{"@id":"tz60ht80517kc1v","modified":"2015-06-22T09:49:16+02:00","checksum":"64616267709"} |
| Source of data |
librisxl |
| 887 ## - NON-MARC INFORMATION FIELD |
| Content of non-MARC field |
{"@id":"z399p8842lnzt5c","modified":"2009-02-23T09:17:25+01:00","checksum":"76020364871"} |
| Source of data |
librisxl |
| 887 ## - NON-MARC INFORMATION FIELD |
| Content of non-MARC field |
{"@id":"chpjhq9j0g38gjh","modified":"2006-10-06T10:42:22+02:00","checksum":"60626483282"} |
| Source of data |
librisxl |
| 942 ## - ADDED ENTRY ELEMENTS (KOHA) |
| Source of classification or shelving scheme |
Other/Generic Classification Scheme |
| Koha item type |
Bok |